[Event "XLVI Torneo di Capodanno"]
[Site "Reggio nell'Emilia ITA"]
[Date "2003.12.27"]
[Round "1"]
[White "Collutiis, Duilio"]
[Black "Ronchetti, Niccolo'"]
[Result "1-0"]
[WhiteElo "2417"]
[BlackElo "2201"]
[PlyCount "91"]
[EventDate "2003.12.27"]

1. e4 c5 2. Nf3 Nc6 3. d4 cxd4 4. Nxd4 Nf6 5. Nc3 e5 6. Ndb5 d6 7. Nd5 Nxd5 8.
exd5 Nb8 9. c4 Be7 10. Be2 O-O 11. O-O f5 12. a3 Nd7 13. b4 a6 14. Nc3 Bg5 15.
f4 exf4 16. Bxf4 Bxf4 17. Rxf4 Qe7 18. Qd4 a5 19. Raf1 axb4 20. axb4 g6 21. Bd1
Ne5 22. c5 Bd7 23. Bb3 Nf7 24. R4f2 Rfc8 25. Re2 Qf8 26. c6 bxc6 27. dxc6 Bxc6
28. b5 Bb7 29. Bd5 Rab8 30. Ne4 Bxd5 31. Nf6+ Kh8 32. Nd7+ Qg7 33. Qxd5 Ne5 34.
Nxb8 Qa7+ 35. Kh1 Qxb8 36. Ra2 Kg7 37. Rfa1 Rc5 38. Ra7+ Kf6 39. Qd4 Rxb5 40.
Qh4+ Ke6 41. Re7+ Kd5 42. Rd1+ Kc6 43. Rc1+ Kb6 44. Qd4+ Ka6 45. Ra1+ Ra5 46.
Rxa5+ 1-0

[Event "XLVI Torneo di Capodanno"]
[Site "Reggio nell'Emilia ITA"]
[Date "2003.12.27"]
[Round "1"]
[White "Miladinovic, Igor"]
[Black "Vezzosi, Paolo"]
[Result "1-0"]
[WhiteElo "2599"]
[BlackElo "2371"]
[PlyCount "83"]
[EventDate "2003.12.27"]

1. d4 d5 2. Bg5 c6 3. Nf3 Bf5 4. e3 Nd7 5. Bd3 Bxd3 6. cxd3 Ngf6 7. Nc3 e6 8.
e4 Qa5 9. O-O Bb4 10. Bd2 h6 11. a3 Bxc3 12. Bxc3 Qb6 13. e5 Ng8 14. Bb4 Ne7
15. Qd2 a5 16. Bc3 O-O 17. Rab1 Qb5 18. b4 a4 19. h3 Rae8 20. Nh2 Kh7 21. Rbe1
Ng6 22. Re3 Qa6 23. Rfe1 Qa8 24. b5 c5 25. dxc5 Nxc5 26. Bb4 Nb3 27. Qd1 f5 28.
exf6 Rxf6 29. Ng4 Rf5 30. Rxe6 Rxe6 31. Rxe6 Qc8 32. Re1 d4 33. Bd6 Qd7 34. Bg3
Qxb5 35. h4 Nf4 36. Bxf4 Rxf4 37. g3 Rf5 38. f4 Rc5 39. Nf6+ gxf6 40. Re7+ Kh8
41. Qg4 Rc1+ 42. Kh2 1-0

[Event "XLVI Torneo di Capodanno"]
[Site "Reggio nell'Emilia ITA"]
[Date "2003.12.27"]
[Round "1"]
[White "Piscopo, Pierluigi"]
[Black "Tomescu, Vlad"]
[Result "1/2-1/2"]
[WhiteElo "2321"]
[BlackElo "2447"]
[PlyCount "87"]
[EventDate "2003.12.27"]

1. e4 c5 2. Nf3 Nc6 3. d4 cxd4 4. Nxd4 Nf6 5. Nc3 d6 6. Bc4 e6 7. Be3 a6 8. Qe2
Na5 9. Bd3 Qc7 10. g4 Nd7 11. O-O Be7 12. f4 O-O 13. g5 Re8 14. e5 Nc5 15.
Bxh7+ Kxh7 16. Qh5+ Kg8 17. f5 exf5 18. Nd5 g6 19. Nxc7 gxh5 20. exd6 Bxd6 21.
Nxe8 Nc4 22. Bf4 Be7 23. Nc7 Ra7 24. b3 Nd6 25. Nd5 Bf8 26. Nf6+ Kh8 27. Bxd6
Bxd6 28. Rae1 Ne6 29. Nxf5 Bc5+ 30. Kg2 b5 31. Rd1 Rc7 32. Rfe1 Bf8 33. Ne3
Nxg5 34. Rd5 Bb7 35. h4 Nh7 36. Nxh5 Rc3 37. Kf2 Rxe3 38. Rxe3 Bxd5 39. Re8 Kg8
40. Rc8 Be6 41. Ra8 Bg4 42. Nf4 Nf6 43. Rxa6 Kg7 44. Nd3 1/2-1/2

[Event "XLVI Torneo di Capodanno"]
[Site "Reggio nell'Emilia ITA"]
[Date "2003.12.27"]
[Round "1"]
[White "Zimina, Olga"]
[Black "Bellini, Fabio"]
[Result "0-1"]
[WhiteElo "2387"]
[BlackElo "2503"]
[PlyCount "104"]
[EventDate "2003.12.27"]

1. e4 e5 2. Nf3 Nc6 3. Bc4 Nf6 4. d3 Bc5 5. Nc3 d6 6. Bg5 h6 7. Bxf6 Qxf6 8.
Nd5 Qd8 9. c3 a6 10. d4 exd4 11. cxd4 Ba7 12. h3 O-O 13. O-O Ne7 14. Nf4 b5 15.
Bd3 c5 16. Rc1 c4 17. Bb1 Ng6 18. Nxg6 fxg6 19. b3 g5 20. e5 d5 21. Re1 Be6 22.
Re3 Qe8 23. bxc4 bxc4 24. Ra3 Qb5 25. g4 Qb2 26. Rac3 Rab8 27. Kg2 Rf4 28. R3c2
Qb7 29. Rc3 Qf7 30. Ra3 Rb2 31. Rc2 Qb7 32. Rxb2 Qxb2 33. Rxa6 Bxd4 34. Bc2 Bc8
35. Ra8 Qb7 36. Rxc8+ Qxc8 37. Nxd4 Qc5 38. Nf3 d4 39. e6 d3 40. Bxd3 cxd3 41.
Qxd3 Qc6 42. Qd8+ Rf8 43. e7 Qxf3+ 44. Kg1 Qxf2+ 45. Kh1 Qe1+ 46. Kg2 Qe4+ 47.
Kg3 Qe5+ 48. Kg2 Qb2+ 49. Kg1 Qa1+ 50. Kh2 Qxa2+ 51. Kg1 Qa7+ 52. Kh2 Qb8+ 0-1

[Event "XLVI Torneo di Capodanno"]
[Site "Reggio nell'Emilia ITA"]
[Date "2003.12.28"]
[Round "2"]
[White "Bellini, Fabio"]
[Black "Tomescu, Vlad"]
[Result "1-0"]
[WhiteElo "2503"]
[BlackElo "2447"]
[PlyCount "73"]
[EventDate "2003.12.27"]

1. e4 c5 2. Nf3 Nc6 3. Bb5 e6 4. Bxc6 bxc6 5. b3 f6 6. O-O Nh6 7. d4 Nf7 8. Ba3
cxd4 9. Bxf8 Rxf8 10. Qxd4 Qb6 11. Qd2 c5 12. Rd1 Ke7 13. e5 Qc7 14. exf6+ gxf6
15. Nc3 Bb7 16. Qe3 Ne5 17. Nxe5 Qxe5 18. Qd3 Bc6 19. Re1 Qh5 20. Ne4 Rg8 21.
f3 c4 22. Qd6+ Kf7 23. Qf4 Bxe4 24. Qxe4 Qg6 25. Qe2 Rac8 26. Rad1 Rc7 27. bxc4
Qf5 28. Kh1 Rgc8 29. g4 Qf4 30. Rxd7+ Rxd7 31. Qxe6+ Kg6 32. Qxd7 Qxf3+ 33. Kg1
Rg8 34. Qd3+ Qxd3 35. cxd3 Rd8 36. Re3 Kg5 37. h3 1-0

[Event "XLVI Torneo di Capodanno"]
[Site "Reggio nell'Emilia ITA"]
[Date "2003.12.28"]
[Round "2"]
[White "Komarov, Dimitri"]
[Black "Miladinovic, Igor"]
[Result "1/2-1/2"]
[WhiteElo "2566"]
[BlackElo "2599"]
[PlyCount "31"]
[EventDate "2003.12.27"]

1. d4 d5 2. c4 Nc6 3. Nc3 Nf6 4. Nf3 dxc4 5. e3 Bg4 6. Bxc4 e6 7. h3 Bh5 8. Bb5
a6 9. Bxc6+ bxc6 10. Qa4 Bxf3 11. gxf3 Qd7 12. Rg1 Nd5 13. Nxd5 cxd5 14. Qxd7+
Kxd7 15. Bd2 g6 16. Ke2 1/2-1/2

[Event "XLVI Torneo di Capodanno"]
[Site "Reggio nell'Emilia ITA"]
[Date "2003.12.28"]
[Round "2"]
[White "Ronchetti, Niccolo'"]
[Black "Piscopo, Pierluigi"]
[Result "0-1"]
[WhiteElo "2201"]
[BlackElo "2321"]
[PlyCount "66"]
[EventDate "2003.12.27"]

1. e4 c5 2. Nf3 e6 3. c3 d5 4. e5 Qa5 5. Bd3 Nc6 6. Qe2 Nge7 7. O-O Ng6 8. g3
Be7 9. h4 Qc7 10. Re1 O-O 11. h5 Nh8 12. Bc2 f6 13. d4 cxd4 14. cxd4 fxe5 15.
dxe5 g6 16. Nc3 Rxf3 17. Nb5 Qb6 18. Qxf3 Qxb5 19. hxg6 hxg6 20. Bd3 Nd4 21.
Qe3 Qb4 22. Kg2 Nf5 23. Qe2 Bd7 24. a3 Qa4 25. Rh1 Rf8 26. Bf4 Bc6 27. Rh2 d4+
28. Kh3 Bd5 29. Kg4 Qe8 30. Qf1 Qf7 31. Qh3 Ne3+ 32. fxe3 Qf5+ 33. Bxf5 exf5#
0-1

[Event "XLVI Torneo di Capodanno"]
[Site "Reggio nell'Emilia ITA"]
[Date "2003.12.28"]
[Round "2"]
[White "Vezzosi, Paolo"]
[Black "Collutiis, Duilio"]
[Result "1/2-1/2"]
[WhiteElo "2371"]
[BlackElo "2417"]
[PlyCount "106"]
[EventDate "2003.12.27"]

1. d4 Nf6 2. Nf3 g6 3. Bg5 Bg7 4. Nbd2 c5 5. Bxf6 Bxf6 6. Ne4 Bxd4 7. Nxd4 cxd4
8. Qxd4 O-O 9. c4 Nc6 10. Qd2 d6 11. e3 Be6 12. Ng5 Bd7 13. Be2 Qa5 14. Nf3
Rfc8 15. Nd4 Rab8 16. b3 Qg5 17. h4 Qf6 18. Rd1 a6 19. h5 Ne5 20. e4 g5 21. a4
Kh8 22. f3 h6 23. Qe3 Rc5 24. g3 Rbc8 25. Qf2 b5 26. cxb5 axb5 27. axb5 Rc3 28.
O-O Bh3 29. Rfe1 g4 30. f4 Nf3+ 31. Nxf3 gxf3 32. Bc4 e5 33. fxe5 dxe5 34. Re3
Rxe3 35. Qxe3 Kg7 36. Kf2 Be6 37. Qxf3 Bxc4 38. Qxf6+ Kxf6 39. bxc4 Rxc4 40.
Rb1 Kg5 41. b6 Rc8 42. b7 Rb8 43. Ke3 Kxh5 44. Kd3 Kg4 45. Kc4 f5 46. exf5 Kxf5
47. Kc5 e4 48. Kc6 e3 49. Kc7 Rxb7+ 50. Kxb7 Ke4 51. Kc6 e2 52. g4 Ke3 53. Kd5
Kf2 1/2-1/2

[Event "XLVI Torneo di Capodanno"]
[Site "Reggio nell'Emilia ITA"]
[Date "2003.12.28"]
[Round "2"]
[White "Zimina, Olga"]
[Black "Georgiev, Vladimir"]
[Result "1-0"]
[WhiteElo "2387"]
[BlackElo "2596"]
[PlyCount "157"]
[EventDate "2003.12.27"]

1. e4 c5 2. Nf3 Nc6 3. Bb5 g6 4. O-O Bg7 5. Re1 e5 6. Bxc6 dxc6 7. d3 f6 8. Be3
b6 9. Nbd2 Nh6 10. Nc4 Nf7 11. a4 Qe7 12. a5 b5 13. Ncd2 Nd8 14. c3 Ba6 15. d4
Nb7 16. dxe5 fxe5 17. Bg5 Qe6 18. Nf1 O-O 19. Ng3 c4 20. Be3 Rfd8 21. Ng5 Qe7
22. Qg4 Re8 23. Red1 Nd6 24. Bc5 Rad8 25. Qh4 h6 26. Nf3 Qe6 27. Bxa7 Ra8 28.
Bc5 Nf7 29. Nf1 Bf6 30. Qg3 Be7 31. Bxe7 Rxe7 32. Ne3 Bc8 33. h4 Rea7 34. h5
Kh7 35. Nh4 gxh5 36. Qf3 Ng5 37. Qxh5 Nxe4 38. Nef5 Qf6 39. Re1 Nc5 40. Rxe5
Nd3 41. Re3 Qg5 42. Ng3 Bg4 43. Qxg5 hxg5 44. Nf3 Bxf3 45. Rxf3 Rxa5 46. Rxa5
Rxa5 47. Ne4 g4 48. Rg3 Kg6 49. Rxg4+ Kf5 50. f3 Ra2 51. Kh2 Rxb2 52. Kg3 Re2
53. Rg5+ Ke6 54. Rg6+ Kd7 55. Rg7+ Ke6 56. Rg6+ Kd7 57. Rg7+ Kd8 58. Ra7 c5 59.
Ra5 Rb2 60. f4 b4 61. f5 b3 62. f6 Ra2 63. Rb5 Ra1 64. Rb8+ Kc7 65. f7 Kxb8 66.
f8=Q+ Kc7 67. Qd6+ Kb7 68. Nxc5+ Nxc5 69. Qxc5 Ra6 70. Qxc4 Rb6 71. Qe4+ Kc7
72. Qf4+ Kc6 73. Qf3+ Kc7 74. Qf4+ Kc6 75. Qe4+ Kc7 76. Qb1 b2 77. Kf2 Kd6 78.
Ke3 Kc5 79. Kd3 1-0

[Event "XLVI Torneo di Capodanno"]
[Site "Reggio nell'Emilia ITA"]
[Date "2003.12.29"]
[Round "3"]
[White "Collutiis, Duilio"]
[Black "Komarov, Dimitri"]
[Result "1/2-1/2"]
[WhiteElo "2417"]
[BlackElo "2566"]
[PlyCount "44"]
[EventDate "2003.12.27"]

1. e4 e6 2. d4 d5 3. Nc3 Nf6 4. Bg5 dxe4 5. Nxe4 Be7 6. Bxf6 Bxf6 7. Nf3 Nd7 8.
Qd2 O-O 9. O-O-O b6 10. Bd3 Bb7 11. h4 c5 12. Neg5 h6 13. Bh7+ Kh8 14. Be4 Bxe4
15. Nxe4 cxd4 16. g4 Ne5 17. g5 Nxf3 18. Qf4 Be5 19. Qxf3 f5 20. Nd2 Rc8 21.
Rhe1 Qc7 22. Qd3 Bf4 1/2-1/2

[Event "XLVI Torneo di Capodanno"]
[Site "Reggio nell'Emilia ITA"]
[Date "2003.12.29"]
[Round "3"]
[White "Miladinovic, Igor"]
[Black "Zimina, Olga"]
[Result "1/2-1/2"]
[WhiteElo "2599"]
[BlackElo "2387"]
[PlyCount "87"]
[EventDate "2003.12.27"]

1. d4 c6 2. Nf3 d5 3. Bg5 Nf6 4. e3 Bf5 5. Bxf6 gxf6 6. Nh4 Bg6 7. Nd2 Nd7 8.
Bd3 e6 9. g3 Be7 10. Qe2 Qb6 11. O-O a6 12. c4 Bxd3 13. Qxd3 f5 14. Nhf3 O-O
15. Rfc1 Rfc8 16. Rc2 Qd8 17. Rac1 Nf6 18. Qb3 Rab8 19. Ne5 Ne4 20. Nd3 Bd6 21.
Nf3 Kg7 22. Kg2 Rc7 23. cxd5 cxd5 24. Rxc7 Bxc7 25. Ng1 Bd6 26. Ne2 Qd7 27. Qc2
Qd8 28. Nef4 Qa5 29. b4 Qd8 30. Ne5 Qe7 31. a3 Rd8 32. Nfd3 Kg8 33. Nf3 Rd7 34.
Nc5 Rc7 35. Qb2 Qe8 36. Nb3 Qc8 37. Rxc7 Qxc7 38. Nc5 Qc6 39. Qe2 a5 40. Nxe4
dxe4 41. Ng5 h6 42. Qh5 hxg5 43. Qxg5+ Kh7 44. Qh5+ 1/2-1/2

[Event "XLVI Torneo di Capodanno"]
[Site "Reggio nell'Emilia ITA"]
[Date "2003.12.29"]
[Round "3"]
[White "Piscopo, Pierluigi"]
[Black "Vezzosi, Paolo"]
[Result "1/2-1/2"]
[WhiteElo "2321"]
[BlackElo "2371"]
[PlyCount "67"]
[EventDate "2003.12.27"]

1. e4 g6 2. d4 Bg7 3. Nc3 d6 4. Nf3 Bg4 5. Bc4 e6 6. Be3 Nc6 7. Be2 Nf6 8. Qd2
d5 9. e5 Nd7 10. Ng1 Bxe2 11. Ngxe2 Ne7 12. Ng3 a6 13. Bh6 Bxh6 14. Qxh6 c5 15.
O-O-O Qc7 16. f4 O-O-O 17. Nge2 Nf5 18. Qh3 h5 19. Qf3 Kb8 20. g3 Rc8 21. Qf2
Qa5 22. Kb1 Rc6 23. Rd3 b5 24. a3 Ka8 25. Na2 Rhc8 26. c3 Qb6 27. h3 cxd4 28.
cxd4 Ne7 29. Rc1 Rxc1+ 30. Nexc1 Nc6 31. Nb3 Na5 32. Nxa5 Qxa5 33. Qd2 Qxd2 34.
Rxd2 1/2-1/2

[Event "XLVI Torneo di Capodanno"]
[Site "Reggio nell'Emilia ITA"]
[Date "2003.12.29"]
[Round "3"]
[White "Tomescu, Vlad"]
[Black "Ronchetti, Niccolo'"]
[Result "1/2-1/2"]
[WhiteElo "2447"]
[BlackElo "2201"]
[PlyCount "54"]
[EventDate "2003.12.27"]

1. e4 c5 2. Nf3 Nc6 3. d4 cxd4 4. Nxd4 Nf6 5. Nc3 e5 6. Ndb5 d6 7. a4 a6 8. Na3
Be6 9. Bg5 Qb6 10. Rb1 Qb4 11. Bxf6 gxf6 12. Be2 Bg7 13. O-O Ne7 14. Qd3 f5 15.
Rfd1 Rd8 16. Nc4 O-O 17. Ne3 fxe4 18. Qxe4 Qxe4 19. Nxe4 d5 20. Nc5 Bc8 21. a5
Rd6 22. b4 Rfd8 23. c4 d4 24. Nd5 Nxd5 25. cxd5 f5 26. Bc4 b6 27. axb6 Rxb6
1/2-1/2

[Event "XLVI Torneo di Capodanno"]
[Site "Reggio nell'Emilia ITA"]
[Date "2003.12.30"]
[Round "4"]
[White "Bellini, Fabio"]
[Black "Ronchetti, Niccolo'"]
[Result "1-0"]
[WhiteElo "2503"]
[BlackElo "2201"]
[PlyCount "63"]
[EventDate "2003.12.27"]

1. e4 c5 2. b3 Nc6 3. Bb2 e5 4. Bc4 Nf6 5. Nc3 d6 6. d3 Be6 7. Nge2 Be7 8. O-O
O-O 9. f4 exf4 10. Nxf4 Bxc4 11. bxc4 Nd7 12. Ncd5 Nde5 13. Nh5 Re8 14. Qe1 Bh4
15. Qe2 Re6 16. Nhf4 Rh6 17. Ne3 Bg5 18. g3 Rf6 19. Nf5 Qd7 20. Qh5 Bh6 21. Nd5
Re6 22. Nxh6+ Rxh6 23. Qxh6 gxh6 24. Nf6+ Kf8 25. Nxd7+ Nxd7 26. Rf5 Rd8 27.
Rh5 Nb4 28. Rxh6 Nxc2 29. Rf1 Ne3 30. Rf3 Ng4 31. Rxd6 Ke7 32. Rd5 1-0

[Event "XLVI Torneo di Capodanno"]
[Site "Reggio nell'Emilia ITA"]
[Date "2003.12.30"]
[Round "4"]
[White "Georgiev, Vladimir"]
[Black "Miladinovic, Igor"]
[Result "1/2-1/2"]
[WhiteElo "2596"]
[BlackElo "2599"]
[PlyCount "53"]
[EventDate "2003.12.27"]

1. c4 e5 2. g3 Nc6 3. Bg2 g6 4. Nc3 Bg7 5. d3 d6 6. Rb1 a5 7. a3 Nf6 8. Nf3 O-O
9. O-O Nd4 10. b4 axb4 11. axb4 c6 12. b5 Bg4 13. bxc6 bxc6 14. Nxd4 exd4 15.
Ne4 Nxe4 16. Bxe4 d5 17. cxd5 cxd5 18. Bf3 Bxf3 19. exf3 Qd7 20. Kg2 h5 21. h3
Rfe8 22. Re1 Rxe1 23. Qxe1 Rc8 24. Bd2 Bf6 25. Rb6 Rc6 26. Qb1 Rxb6 27. Qxb6
1/2-1/2

[Event "XLVI Torneo di Capodanno"]
[Site "Reggio nell'Emilia ITA"]
[Date "2003.12.30"]
[Round "4"]
[White "Komarov, Dimitri"]
[Black "Piscopo, Pierluigi"]
[Result "1/2-1/2"]
[WhiteElo "2566"]
[BlackElo "2321"]
[PlyCount "71"]
[EventDate "2003.12.27"]

1. d4 Nf6 2. Nf3 c5 3. d5 e6 4. Nc3 d6 5. e4 e5 6. Be2 Be7 7. O-O O-O 8. Nd2
Ne8 9. Nc4 Bg5 10. Bxg5 Qxg5 11. Qc1 Qe7 12. f4 Nd7 13. f5 b6 14. Nd2 Nc7 15.
a4 Ba6 16. Bxa6 Nxa6 17. Nc4 Nc7 18. Rf3 Rfd8 19. g4 h6 20. Rg3 Nf8 21. g5 hxg5
22. Rxg5 Qf6 23. Rg3 Nh7 24. Qe3 Kf8 25. Kh1 Ke7 26. Rag1 Rg8 27. Nd1 Rh8 28.
Rxg7 Qh4 29. R7g4 Qh5 30. Nf2 Nf6 31. R4g2 Rag8 32. h3 Qh4 33. Rxg8 Rxg8 34.
Rxg8 Nxg8 35. Ng4 Ne8 36. Nd2 1/2-1/2

[Event "XLVI Torneo di Capodanno"]
[Site "Reggio nell'Emilia ITA"]
[Date "2003.12.30"]
[Round "4"]
[White "Vezzosi, Paolo"]
[Black "Tomescu, Vlad"]
[Result "1/2-1/2"]
[WhiteElo "2371"]
[BlackElo "2447"]
[PlyCount "67"]
[EventDate "2003.12.27"]

1. d4 Nf6 2. Nf3 e6 3. e3 b6 4. Bd3 Bb7 5. O-O c5 6. c4 d6 7. Nc3 Nbd7 8. Qe2
Be7 9. b3 O-O 10. Bb2 Qc7 11. Rad1 cxd4 12. Nxd4 Rac8 13. Bb1 Qb8 14. e4 Rfe8
15. f4 e5 16. Nf5 Bf8 17. Nd5 Bxd5 18. exd5 g6 19. fxe5 Nxe5 20. Ne3 Bg7 21.
Qf2 Qc7 22. h3 Qd8 23. Bd4 Rc7 24. Rfe1 Rce7 25. Nc2 Ned7 26. Rxe7 Rxe7 27. Nb4
Qe8 28. Nc6 Re2 29. Qf3 Re1+ 30. Rxe1 Qxe1+ 31. Qf1 Qd2 32. Qf2 Qd1+ 33. Qf1
Qd2 34. Qf2 1/2-1/2

[Event "XLVI Torneo di Capodanno"]
[Site "Reggio nell'Emilia ITA"]
[Date "2003.12.30"]
[Round "4"]
[White "Zimina, Olga"]
[Black "Collutiis, Duilio"]
[Result "1/2-1/2"]
[WhiteElo "2387"]
[BlackElo "2417"]
[PlyCount "41"]
[EventDate "2003.12.27"]

1. e4 c5 2. Nf3 Nc6 3. d4 cxd4 4. Nxd4 Qc7 5. Nc3 e6 6. Be2 a6 7. O-O Nf6 8.
Be3 Bb4 9. Na4 Bd6 10. g3 Be7 11. Nxc6 bxc6 12. Nb6 Rb8 13. Nxc8 Qxc8 14. e5
Nd5 15. Bd4 c5 16. c4 cxd4 17. cxd5 Qc5 18. Bf3 O-O 19. Rc1 Qb6 20. Qa4 Qxb2
21. Qxd7 1/2-1/2

[Event "XLVI Torneo di Capodanno"]
[Site "Reggio nell'Emilia ITA"]
[Date "2003.12.31"]
[Round "5"]
[White "Collutiis, Duilio"]
[Black "Georgiev, Vladimir"]
[Result "0-1"]
[WhiteElo "2417"]
[BlackElo "2596"]
[PlyCount "70"]
[EventDate "2003.12.27"]

1. e4 d6 2. d4 Nf6 3. Nd2 e5 4. c3 Nc6 5. Ngf3 exd4 6. Nxd4 d5 7. Bb5 Bd7 8.
Nxc6 bxc6 9. Bd3 Bd6 10. O-O O-O 11. c4 dxe4 12. Bxe4 Re8 13. Bf3 Qe7 14. Nb3
Rad8 15. c5 Be5 16. Qc2 Ng4 17. g3 h5 18. h4 Be6 19. Bxc6 Bd5 20. Bxd5 Rxd5 21.
Bg5 f6 22. Bd2 Bxg3 23. Qc4 Qe5 24. f3 Bxh4 25. fxg4 Qg3+ 26. Kh1 Qh3+ 27. Kg1
c6 28. Rf5 Bg3 29. Rxh5 Bh2+ 30. Kh1 Qf3+ 31. Kxh2 Re2+ 32. Qxe2 Qxe2+ 33. Kh1
Qf3+ 34. Kh2 Rd3 35. Rg1 g6 0-1

[Event "XLVI Torneo di Capodanno"]
[Site "Reggio nell'Emilia ITA"]
[Date "2003.12.31"]
[Round "5"]
[White "Miladinovic, Igor"]
[Black "Bellini, Fabio"]
[Result "1-0"]
[WhiteElo "2599"]
[BlackElo "2503"]
[PlyCount "63"]
[EventDate "2003.12.27"]

1. d4 g6 2. e4 Bg7 3. Nc3 c6 4. Be3 d5 5. f3 dxe4 6. fxe4 e5 7. dxe5 Qxd1+ 8.
Rxd1 Bg4 9. Nf3 Nd7 10. h3 Be6 11. Bf4 h6 12. Rd6 O-O-O 13. h4 Re8 14. Be2 h5
15. O-O Nh6 16. b4 Ng4 17. b5 c5 18. b6 Nxb6 19. Nb5 Kb8 20. Ng5 Nc8 21. Bxg4
hxg4 22. Rd7 Rhf8 23. Nxe6 Rxe6 24. Nc7 Re7 25. e6 fxe6 26. Rxe7 Bd4+ 27. Kh1
e5 28. Na6+ Ka8 29. Re8 Rxe8 30. Nc7+ Kb8 31. Nxe8 exf4 32. Rxf4 1-0

[Event "XLVI Torneo di Capodanno"]
[Site "Reggio nell'Emilia ITA"]
[Date "2003.12.31"]
[Round "5"]
[White "Piscopo, Pierluigi"]
[Black "Zimina, Olga"]
[Result "1/2-1/2"]
[WhiteElo "2321"]
[BlackElo "2387"]
[PlyCount "95"]
[EventDate "2003.12.27"]

1. e4 c6 2. d4 d5 3. Nc3 dxe4 4. Nxe4 Bf5 5. Ng3 Bg6 6. h4 h6 7. Nf3 Nd7 8. h5
Bh7 9. Bd3 Bxd3 10. Qxd3 e6 11. Bf4 Qa5+ 12. Bd2 Qc7 13. O-O-O Ngf6 14. Ne4
O-O-O 15. g3 Nxe4 16. Qxe4 Bd6 17. c4 c5 18. Kb1 Kb8 19. b4 Nf6 20. Qe2 cxd4
21. Nxd4 Ka8 22. Bc3 Nd5 23. Bb2 Nxb4 24. Nb5 Qb6 25. Bxg7 Rhe8 26. Bf6 Be7 27.
Rxd8+ Bxd8 28. Bb2 a6 29. Nc3 Bf6 30. Na4 Qc6 31. Rd1 Qxa4 32. Bxf6 Nxa2 33.
Qc2 Qa5 34. g4 e5 35. Rd8+ Rxd8 36. Bxd8 Nc3+ 37. Kc1 Qxd8 38. Qxc3 Qg5+ 39.
Kb2 Qf4 40. f3 Ka7 41. Qd3 f6 42. Kc2 a5 43. Qd5 Qh2+ 44. Kb3 a4+ 45. Ka3 Qc2
46. Qa5+ Kb8 47. Qd8+ Ka7 48. Qa5+ 1/2-1/2

[Event "XLVI Torneo di Capodanno"]
[Site "Reggio nell'Emilia ITA"]
[Date "2003.12.31"]
[Round "5"]
[White "Ronchetti, Niccolo'"]
[Black "Vezzosi, Paolo"]
[Result "0-1"]
[WhiteElo "2201"]
[BlackElo "2371"]
[PlyCount "87"]
[EventDate "2003.12.27"]

1. e4 e6 2. d4 d5 3. e5 c5 4. c3 Qb6 5. Nf3 Bd7 6. a3 a5 7. Be2 Nh6 8. O-O Nc6
9. c4 cxd4 10. Bxh6 gxh6 11. Nbd2 Bg7 12. cxd5 exd5 13. Bd3 O-O 14. Qc2 Nxe5
15. Nxe5 Bxe5 16. Nf3 Bf6 17. Bxh7+ Kg7 18. Rad1 Rfc8 19. Qb1 d3 20. Rxd3 Rh8
21. Rxd5 Be6 22. Be4 Bxd5 23. Bxd5 Rhe8 24. Qf5 Re7 25. b3 a4 26. Qg4+ Kf8 27.
bxa4 Qc5 28. Qf5 Kg7 29. Qg4+ Kh8 30. Qf4 Bg7 31. Be4 Kg8 32. Bd3 Rd8 33. Bb5
Re6 34. Qh4 Red6 35. Qe4 b6 36. g3 Rf6 37. Ne5 Re6 38. Qh4 Rd4 39. Nd7 Qc7 40.
Qh5 Rxd7 41. Bxd7 Qxd7 42. Rd1 Qxa4 43. Qf3 Qe8 44. Kg2 0-1

[Event "XLVI Torneo di Capodanno"]
[Site "Reggio nell'Emilia ITA"]
[Date "2003.12.31"]
[Round "5"]
[White "Tomescu, Vlad"]
[Black "Komarov, Dimitri"]
[Result "0-1"]
[WhiteElo "2447"]
[BlackElo "2566"]
[PlyCount "80"]
[EventDate "2003.12.27"]

1. e4 e6 2. d4 d5 3. Nc3 Nf6 4. Bg5 dxe4 5. Nxe4 Be7 6. Bxf6 Bxf6 7. Nf3 Nd7 8.
Qd2 O-O 9. O-O-O b6 10. Bd3 Bb7 11. h4 c5 12. Neg5 h6 13. Bh7+ Kh8 14. Be4 Bxg5
15. hxg5 Bxe4 16. gxh6 Qf6 17. Ne5 Rad8 18. Ng4 Qg6 19. Rh4 Bxc2 20. Rdh1 Bb1
21. dxc5 bxc5 22. R1h3 Nf6 23. hxg7+ Kxg7 24. Qc3 Rh8 25. Rxh8 Rxh8 26. Rxh8
Qxg4 27. Rc8 Bxa2 28. Qxc5 Bd5 29. f3 Qg5+ 30. Kb1 Qd2 31. Qc2 Qe1+ 32. Qc1
Qxc1+ 33. Kxc1 a5 34. Kd2 a4 35. Rc5 Kg6 36. Ra5 Bb3 37. Kc3 Nd7 38. Kd4 e5+
39. Ke3 f6 40. f4 Nb6 0-1

[Event "XLVI Torneo di Capodanno"]
[Site "Reggio nell'Emilia ITA"]
[Date "2004.01.01"]
[Round "6"]
[White "Bellini, Fabio"]
[Black "Vezzosi, Paolo"]
[Result "1-0"]
[WhiteElo "2503"]
[BlackElo "2371"]
[PlyCount "95"]
[EventDate "2003.12.27"]

1. e4 c6 2. c4 d6 3. d4 e5 4. Nf3 Nd7 5. Nc3 Ngf6 6. Be2 g6 7. O-O Bg7 8. d5 c5
9. Bg5 h6 10. Bh4 O-O 11. a3 a6 12. Nd2 Qc7 13. Qc2 h5 14. b4 Bh6 15. Bxf6 Nxf6
16. bxc5 Qxc5 17. Nb3 Qc7 18. a4 Bd7 19. a5 Rfc8 20. Rfd1 Rab8 21. h3 Qd8 22.
Ra3 h4 23. Kh1 Kg7 24. Qa2 Bf4 25. Nc1 Bxc1 26. Rxc1 Rc7 27. Rb1 Bc8 28. Qb2
Nd7 29. Na4 Qg5 30. Qb4 Qe7 31. Qb2 Kg8 32. Qd2 Nf6 33. Qe3 Bd7 34. c5 Bxa4 35.
cxd6 Qxd6 36. Rxa4 Nd7 37. Bg4 Rd8 38. Rab4 Nc5 39. Rb6 Qe7 40. R6b4 Rf8 41.
Rc1 Nxe4 42. Rxe4 Rxc1+ 43. Qxc1 f5 44. Qh6 Qh7 45. Qg5 fxg4 46. Rxg4 Rxf2 47.
d6 Rf1+ 48. Kh2 1-0

[Event "XLVI Torneo di Capodanno"]
[Site "Reggio nell'Emilia ITA"]
[Date "2004.01.01"]
[Round "6"]
[White "Georgiev, Vladimir"]
[Black "Piscopo, Pierluigi"]
[Result "1/2-1/2"]
[WhiteElo "2596"]
[BlackElo "2321"]
[PlyCount "43"]
[EventDate "2003.12.27"]

1. d4 Nf6 2. c4 c5 3. d5 e6 4. Nc3 exd5 5. cxd5 d6 6. e4 g6 7. Bd3 Bg7 8. Nge2
O-O 9. Bg5 h6 10. Bh4 Nbd7 11. O-O Ne5 12. f4 Nxd3 13. Qxd3 Re8 14. Kh1 a6 15.
a4 Rb8 16. Ng3 b5 17. axb5 axb5 18. Nxb5 Qb6 19. Nc3 Nh7 20. Nge2 Bg4 21. Ra6
Qxb2 22. e5 1/2-1/2

[Event "XLVI Torneo di Capodanno"]
[Site "Reggio nell'Emilia ITA"]
[Date "2004.01.01"]
[Round "6"]
[White "Komarov, Dimitri"]
[Black "Ronchetti, Niccolo'"]
[Result "1-0"]
[WhiteElo "2566"]
[BlackElo "2201"]
[PlyCount "111"]
[EventDate "2003.12.27"]

1. d4 Nf6 2. c4 c6 3. Nc3 d5 4. e3 g6 5. Nf3 Bg7 6. cxd5 cxd5 7. Bb5+ Nc6 8.
Ne5 Bd7 9. Qa4 Qc7 10. Nxd7 Qxd7 11. O-O O-O 12. Bxc6 Qxc6 13. Qxc6 bxc6 14.
Na4 Ne4 15. b3 Rfc8 16. Ba3 e5 17. dxe5 Bxe5 18. Rac1 Rc7 19. Rfd1 Re8 20. Bb2
Bd6 21. Rc2 Re6 22. f3 Nf6 23. Nc5 Bxc5 24. Rxc5 Rb7 25. Rdc1 Rc7 26. Bd4 Ne8
27. Ra5 Nd6 28. Rxd5 f5 29. Rdc5 Nb7 30. Re5 Rxe5 31. Bxe5 Rc8 32. Rd1 Rd8 33.
Rc1 Rc8 34. Rc4 a6 35. Rb4 Re8 36. Rxb7 Rxe5 37. Kf2 Rc5 38. a4 Rc2+ 39. Kg3
Rb2 40. a5 c5 41. Rb6 Kg7 42. h4 Ra2 43. Rxa6 Ra3 44. Ra7+ Kf6 45. Rxh7 Rxa5
46. Rb7 Ra2 47. Rb6+ Kg7 48. Rc6 Rb2 49. Rxc5 Rxb3 50. Kf4 Kh6 51. Rc7 Rb1 52.
e4 Rg1 53. exf5 gxf5 54. g3 Kg6 55. Rc6+ Kg7 56. Rc5 1-0

[Event "XLVI Torneo di Capodanno"]
[Site "Reggio nell'Emilia ITA"]
[Date "2004.01.01"]
[Round "6"]
[White "Miladinovic, Igor"]
[Black "Collutiis, Duilio"]
[Result "1-0"]
[WhiteElo "2599"]
[BlackElo "2417"]
[PlyCount "99"]
[EventDate "2003.12.27"]

1. d4 d6 2. e4 Nf6 3. Nc3 e5 4. dxe5 dxe5 5. Qxd8+ Kxd8 6. Bg5 c6 7. O-O-O+
Nbd7 8. Bh4 Bc5 9. g4 Ke8 10. h3 h5 11. g5 Nh7 12. Nf3 Nhf8 13. Bg3 Ng6 14. h4
Bb6 15. Bh3 Bc7 16. Bf5 Nf4 17. Bxf4 exf4 18. g6 fxg6 19. Bxg6+ Ke7 20. Bf5 Ne5
21. Rhg1 Rg8 22. Nxe5 Bxe5 23. Rg5 Bxf5 24. Rxf5 Ke6 25. Ne2 Raf8 26. Rg5 g6
27. f3 Rg7 28. c3 Kf6 29. Kc2 Re7 30. Rdg1 Rg7 31. Nc1 Re8 32. Nd3 Ree7 33. a4
Bc7 34. R1g2 Bd6 35. Re2 Be5 36. Rd2 Bd6 37. b4 Rgf7 38. Rdg2 Rg7 39. Kb3 Be5
40. Kc4 Bc7 41. b5 cxb5+ 42. axb5 Bd6 43. Kd4 Rd7 44. Rd5 Ke6 45. c4 Rdf7 46.
e5 Be7 47. Ke4 g5 48. hxg5 Bxg5 49. Nc5+ Ke7 50. e6 1-0